00850cam a22002411 450000100060000000300080000600500170001400800390003103500190007003500190008904000300010804100110013808200190014910000340016824501070020226000840030930000600039349000380045350400190049160000360051070000360054670000260058224430BD-RjUL20211209001041.0140313s19801965nyucf b 001 0beng a(BD-RjUL)24496 a(OCoLC)1483600 aDLCcOCUdOCoLCdDLCbeng1 aengfre00a941.081/092aB1 aMaurois, André,d1885-1967.00aDisraeli :ba picture of the Victorian age /ctranslated by Hamish Miles, edited by Monica D. Ryan ... aNew York :bD. Appleton-Century Company, incorporated,cC1965 [reprinting 1980] axxxiii, [369 [1] p. :bfront., plates, ports. ;c19 cm.0 aAppleton modern literature series aincludes index10aDisraeli, Benjamin,d1804-1881.1 aMiles, Hamish,d1894-1937,etr.1 aRyan, Monica D.,eed.